[Event "OSEM SH 2017"]
[Site "Büsum"]
[Date "2017.09.13"]
[Round "6.1"]
[White "Baum, Bernd, Dr."]
[Black "Ackermann, Hans Werner"]
[Result "0-1"]
[BlackElo "2295"]
[BlackTeam "SC Hansa Dortmund"]
[WhiteElo "2268"]
[WhiteTeam "SC Fulda"]

1. Nf3 d6 2. d4 Nf6 3. Nbd2 Bf5 4. Nh4 Bd7 5. e4 e5 6. Nhf3 exd4 7. Nxd4 g6 8.
g3 Bg7 9. Bg2 Qc8 10. h3 O-O 11. c4 Re8 12. Ne2 Bc6 13. Qc2 Na6 14. O-O Nc5 15.
Nc3 a5 16. Rb1 h5 17. b3 Bd7 18. Kh2 c6 19. Bb2 Nh7 20. Rbd1 Qc7 21. a3 h4 22.
b4 axb4 23. axb4 Na6 24. Ba3 Be6 25. Ne2 Nb8 26. Bb2 Bxb2 27. Qxb2 hxg3+ 28.
fxg3 Nd7 29. Nf4 Ne5 30. Qc3 c5 31. Nxe6 Rxe6 32. Rb1 b6 33. Nf3 Re7 34. Rf2
Ra4 35. Nxe5 dxe5 36. Rd2 Rxb4 37. Rxb4 cxb4 38. Qxb4 Re6 39. Qa4 Nf6 40. Bf3
Kg7 41. h4 Rd6 42. Rxd6 Qxd6 43. Qb5 Qd4 44. Qc6 Qf2+ 45. Bg2 Ng4+ 46. Kh3 Ne3 
0-1

[Event "OSEM SH 2017"]
[Site "Büsum"]
[Date "2017.09.13"]
[Round "6.2"]
[White "Nordby, Bernt"]
[Black "Schumacher, Gottfried"]
[Result "1/2-1/2"]
[BlackElo "2273"]
[BlackTeam "HTC Bad Neuenahr"]
[WhiteElo "2027"]
[WhiteTeam "Frederiksstad Schakselskap"]

1. d4 e6 2. Nf3 Nf6 3. c4 d5 4. Bg5 c5 5. e3 cxd4 6. exd4 Be7 7. Nc3 O-O 8. Rc1
Nc6 9. c5 b6 10. Bb5 Na5 11. b4 a6 12. bxa5 axb5 13. axb6 b4 14. Nb5 Rxa2 15.
Qb3 Ra5 16. Nc7 Ba6 17. Nxa6 Rxa6 18. Bxf6 Bxf6 19. Qxb4 Qa8 20. O-O Rb8 21.
Rb1 Ra4 22. Qb5 Ra5 23. Qb2 Rxc5  1/2-1/2

[Event "OSEM SH 2017"]
[Site "Büsum"]
[Date "2017.09.13"]
[Round "6.3"]
[White "Szenetra, Werner"]
[Black "Bade, Uwe"]
[Result "1-0"]
[BlackElo "2157"]
[BlackTeam "SC Friesen Lichtenberg"]
[WhiteElo "2148"]
[WhiteTeam "SV Berenbostel"]

1. Nf3 d5 2. g3 Bg4 3. Bg2 Nd7 4. O-O c6 5. d3 Ngf6 6. Nbd2 e6 7. h3 Bxf3 8.
Bxf3 Bd6 9. a4 Qc7 10. e4 dxe4 11. Nxe4 Nxe4 12. dxe4 Rd8 13. Qe1 O-O 14. Bg2
Bc5 15. b4 Qe5 16. Bf4  1-0

[Event "OSEM SH 2017"]
[Site "Büsum"]
[Date "2017.09.13"]
[Round "6.4"]
[White "Leiber, Bernard"]
[Black "Bartsch, Berthold"]
[Result "0-1"]
[BlackElo "2259"]
[BlackTeam "SC Forchheim"]
[WhiteElo "2074"]
[WhiteTeam "SV Osnabrück"]

1. e4 c5 2. Nc3 Nc6 3. f4 g6 4. Nf3 Bg7 5. Bc4 e6 6. O-O Nge7 7. d3 d5 8. Bb3
O-O 9. a4 b6 10. Bd2 Bb7 11. Qe1 Nd4 12. Nxd4 cxd4 13. Nb5 a6 14. Na3 dxe4 15.
dxe4 d3 16. c3 b5 17. axb5 axb5 18. Qe3 Qd7 19. Rae1 Ba6 20. e5 Rfd8 21. Bd1
Bf8 22. Bf3 Nd5 23. Qe4 Rab8 24. b4 Nb6 25. Qc6 Qe7 26. Qe4 Na4 27. Bd1 Qc7 28.
Bxa4 bxa4 29. Rb1 Bb7 30. Qe3 Qc6 31. Rf2 Be7 32. Qg3 Qd5 33. Rb2 Rbc8 34. Qe3
Bh4 35. Rf3 Be7 36. Qf2 Rd7 37. c4 Rxc4 38. Nxc4 Qxc4 39. Re3 a3 40. Rb1 a2 41.
Ra1 Qb3 42. Be1 Bd5 43. Bd2 Bd8 44. Ree1 Rb7 45. Red1 Bb6 46. Be3 Bxe3 47. Qxe3
Rxb4 48. Qxd3 Qxd3 49. Rxd3 Rb1+ 50. Rd1 Rb2 51. g3 Rg2+ 52. Kf1 Rxh2 53. Kg1
Rb2  0-1

[Event "OSEM SH 2017"]
[Site "Büsum"]
[Date "2017.09.13"]
[Round "6.5"]
[White "Gerhards, Walter"]
[Black "Van den Berg, Ad"]
[Result "0-1"]
[BlackElo "2237"]
[BlackTeam "Aas Alsmeer"]
[WhiteElo "1916"]
[WhiteTeam "Ratinger SK"]

1. e4 c5 2. Nf3 Nc6 3. d4 cxd4 4. Nxd4 g6 5. Be3 Nf6 6. Nc3 Bg7 7. Be2 O-O 8.
Qd2 d5 9. exd5 Nxd5 10. Nxc6 bxc6 11. Rd1 Be6 12. Ne4 Nxe3 13. Qxe3 Qa5+ 14. c3
Qxa2 15. O-O Bf5 16. Ra1 Qe6 17. Bf3 a5 18. Rfe1 Rfb8 19. Qd2 Qc4 20. Ng3 Rb7
21. Nxf5 gxf5 22. Qg5 e6 23. Rad1 h6 24. Qc1 Rb6 25. Rd6 Rab8 26. Red1 Rxb2 27.
Rxc6 Qa2 28. Qe3 Rb1 29. Rd6 a4 30. g3 a3 31. Kg2 Rxd1 32. Rxd1 Qb2 33. Qa7 a2
34. Ra1 Qxa1 35. Qxb8+ Bf8 36. Bh5 Qxc3 37. Qa7 a1=Q 38. Qxf7+ Kh8 39. Qxf8+
Kh7 40. Qf7+ Qg7  0-1

[Event "OSEM SH 2017"]
[Site "Büsum"]
[Date "2017.09.13"]
[Round "6.6"]
[White "Oechslein, Rainer"]
[Black "Rahls, Peter"]
[Result "0-1"]
[BlackElo "2151"]
[BlackTeam "SK Zehlendorf"]
[WhiteElo "2294"]
[WhiteTeam "SK Schweinfurt"]

1. e4 c5 2. Nf3 e6 3. d4 cxd4 4. Nxd4 Nf6 5. Nc3 Bb4 6. Nb5 O-O 7. a3 Be7 8. Bf4
Ne8 9. Qd2 Nc6 10. O-O-O e5 11. Be3 a6 12. Nd5 axb5 13. Bxb5 Nd4 14. Bxd4 exd4
15. Qxd4 Nc7 16. Nxe7+ Qxe7 17. Bc4 b5 18. Bb3 Ra6 19. Rd2 Ne6 20. Bxe6 Qxe6
21. Kb1 Ra4 22. Qd5 Rxe4 23. Qxb5 Re1+ 24. Rd1 Rxh1 25. Rxh1 Ba6 26. Qa5 Re8
27. Rd1 Bb7 28. f3 Bc6 29. Qd2 h6 30. b3 Ra8 31. a4 Qe5 32. Qd6 Qa5 33. Qd2 Qb6
34. Qd4 Qb7 35. Kc1 d5 36. Re1 Bd7 37. Re3 Qc6 38. Qc3 Qd6 39. Qe5 Qa3+ 40. Qb2
Rxa4 41. Rd3 Qxb2+ 42. Kxb2 Ra5 43. c4 Kf8 44. Kc3 Be6 45. Kb4 dxc4 46. Rd2 Ra1
47. bxc4 Rb1+ 48. Kc5 Rc1 49. Rd4 Rc2 50. g4 Rxh2 51. Kd6 Ra2 52. c5 Ra8 53.
Rb4 Rd8+ 54. Kc7 Ke7 55. c6 Rd3 56. f4 Bxg4 57. Re4+ Kf6  0-1

[Event "OSEM SH 2017"]
[Site "Büsum"]
[Date "2017.09.13"]
[Round "6.7"]
[White "Hess, Christian Mathias"]
[Black "Mikolajewski, Armin"]
[Result "1-0"]
[BlackElo "2047"]
[BlackTeam "Naumburger SV"]
[WhiteElo "2238"]
[WhiteTeam "FC ST.Pauli"]

1. Nf3 d5 2. c4 c6 3. e3 Nf6 4. d4 e6 5. b3 Bb4+ 6. Nbd2 Ne4 7. Bd3 Bc3 8. Rb1
Bxd2+ 9. Bxd2 Nxd2 10. Qxd2 O-O 11. Qc2 f5 12. O-O Bd7 13. b4 Be8 14. b5 Nd7
15. bxc6 bxc6 16. cxd5 cxd5 17. Bb5 Nb6 18. Ne5 Rc8 19. Qb3 Bxb5 20. Qxb5 Qe8
21. Qa6 Rc7 22. Rfc1 Qc8 23. Qxc8 Rfxc8 24. Rxc7 Rxc7 25. h4 Kf8 26. g3 Ke7 27.
Rb5 Nd7 28. Nxd7 Kxd7 29. Ra5 Rb7 30. Ra6 g6 31. Kg2 Ke7 32. Kf3 Kf6 33. g4 h6
34. g5+ hxg5 35. hxg5+ Kxg5 36. Rxe6 Rb6 37. Re5 Rb5 38. Re6 Ra5 39. Rd6 Rxa2
40. Rxd5 Kh4 41. Rd6 Kg5 42. Kg3 a5 43. Ra6 a4 44. Ra5 Kf6 45. f3 Ra3 46. Ra6+
Kf7 47. Kf4 g5+ 48. Kxg5 Rxe3 49. f4 a3 50. Kxf5 Ke7 51. d5 Kd7 52. Kf6 Rh3 53.
Ra5 Kd6 54. f5 Rg3 55. Kf7 Ke5 56. f6 Rf3 57. Ke7  1-0

[Event "OSEM SH 2017"]
[Site "Büsum"]
[Date "2017.09.13"]
[Round "6.8"]
[White "Postler, Reinhard"]
[Black "Görtz, Hans"]
[Result "1-0"]
[BlackElo "1998"]
[BlackTeam "DJK Wacker Bergeborbeck"]
[WhiteElo "2221"]
[WhiteTeam "TSG Oberschöneweide"]

1. e4 c5 2. Nf3 Nc6 3. d4 cxd4 4. Nxd4 d6 5. Nc3 Bd7 6. Be2 a6 7. O-O e5 8. Nb3
Nf6 9. Bg5 h6 10. Bxf6 Qxf6 11. Nd5 Qd8 12. Bg4 Rb8 13. f4 Ne7 14. Bxd7+ Qxd7
15. fxe5 dxe5 16. Qh5 Ng6 17. Rf6 Be7 18. Rxg6 fxg6 19. Qxg6+ Kd8 20. Rd1 Bg5
21. Rd3 Rf8 22. Qb6+ Ke8 23. Nc7+ Ke7 24. Rxd7+ Kxd7 25. Nc5+ Kc8 26. Nd5  1-0

[Event "OSEM SH 2017"]
[Site "Büsum"]
[Date "2017.09.13"]
[Round "6.9"]
[White "Villing, Dieter"]
[Black "Hassenrück, Helmut"]
[Result "0-1"]
[BlackElo "2167"]
[BlackTeam "SG-Gladbeck"]
[WhiteElo "2040"]
[WhiteTeam "SK Ludwigshafen"]

1. e4 c5 2. f4 Nc6 3. Nf3 e6 4. Nc3 d5 5. exd5 exd5 6. Bb5 Ne7 7. Ne5 Bd7 8.
Bxc6 Bxc6 9. d3 Qd6 10. O-O g6 11. Bd2 Bg7 12. Qf3 O-O 13. Rae1 Rad8 14. Qh3
Nf5 15. Nf3 Bd7 16. g4 Nh6 17. Ne5 Nxg4 18. Nxd7 Bd4+ 19. Kg2 Qxd7 20. f5 gxf5
21. Qf3 Kh8 22. Qxf5 Rg8 23. Qxd7 Rxd7 24. Rf3 Ne3+ 25. Kh1 Nxc2 26. Ref1 f6
27. a3 Be5 28. Ne2 Bxb2 29. Ng3 Be5 30. Nh5 Nd4 31. R3f2 f5 32. Bc3 Rg5 33.
Rxf5 Rxf5 34. Rxf5 Nxf5 35. Bxe5+ Ng7 36. Kg2 Re7 37. Bf6 Rf7 38. Be5 Kg8 39.
Nf6+ Rxf6 40. Bxf6 Kf7 41. Bc3 d4 42. Bd2 Ke6 43. Kf3 Kd5 44. Kg4 b5 45. Kg5 c4
46. Kh6 c3 47. Bc1 Ne6 48. Kxh7 a5  0-1

[Event "OSEM SH 2017"]
[Site "Büsum"]
[Date "2017.09.13"]
[Round "6.11"]
[White "Heinzel, Peter"]
[Black "Gläser, Wilfried"]
[Result "1/2-1/2"]
[BlackElo "2129"]
[BlackTeam "SK Anderten"]
[WhiteElo "2028"]
[WhiteTeam "SC Mülheim"]

1. c4 c5 2. g3 g6 3. Bg2 Bg7 4. Nc3 Nc6 5. e3 e5 6. Nge2 Nge7 7. f4 d6 8. O-O
O-O 9. d3 f5 10. a3 Rb8 11. Rb1 a6 12. a4 Be6 13. b3 Nb4 14. Ba3 Nec6 15. Nd5
b5 16. Nxb4 Nxb4 17. Bxb4 cxb4 18. axb5 axb5 19. Qd2 bxc4 20. dxc4 e4 21. Nd4
Bd7 22. Nc2 Qb6 23. Rfd1 Rfd8 24. Qxd6 Bc6 25. Qe6+ Kh8 26. Rd6 Rxd6 27. Qxd6
Rd8 28. Qxb4 Qa7 29. Qa3 Qd7 30. Qc1 Bc3 31. Bf1 Qd2 32. Qxd2 Rxd2 33. Ne1 Bb4
34. Ng2 Kg7 35. Ra1 Kf8 36. Ra6 Be8 37. Rb6 Rb2 38. h3 h5 39. Rb8  1/2-1/2

[Event "OSEM SH 2017"]
[Site "Büsum"]
[Date "2017.09.13"]
[Round "6.12"]
[White "Knaak, Joachim"]
[Black "Quiring, Nikolai"]
[Result "1-0"]
[BlackElo "1990"]
[BlackTeam "SV Rendsburg"]
[WhiteElo "2129"]
[WhiteTeam "SV Dresden-Leuben"]

1. d4 e6 2. c4 b6 3. Nf3 Bb7 4. g3 Bb4+ 5. Bd2 Bxf3 6. exf3 Bxd2+ 7. Qxd2 d5 8.
Bg2 Ne7 9. O-O O-O 10. f4 c6 11. b3 Nd7 12. Nc3 Rc8 13. Rac1 Nf6 14. Rfd1 Qd7
15. Qe2 Qc7 16. cxd5 Nexd5 17. Nxd5 Nxd5 18. f5 Qd6 19. fxe6 Qxe6 20. Qxe6 fxe6
21. Re1 Rf6 22. Re2 Kf7 23. a3 Ne7 24. Rd2 Nd5 25. Rdc2 Ke7 26. Rxc6 Rxc6 27.
Rxc6 Kd7 28. Bxd5 exd5 29. Rxf6 gxf6 30. g4 Ke6 31. Kg2 f5 32. Kg3 fxg4 33.
Kxg4 Kf6 34. Kf4 a6 35. b4 b5 36. h3 h6 37. f3 Ke6 38. Kg4 Kf6 39. Kh5 Kg7 40.
h4 Kh7 41. f4 Kg7 42. Kg4 Kf6 43. f5  1-0

[Event "OSEM SH 2017"]
[Site "Büsum"]
[Date "2017.09.13"]
[Round "6.13"]
[White "Bullert, Wolfgang"]
[Black "Lotzien, Hans"]
[Result "1/2-1/2"]
[BlackElo "2126"]
[BlackTeam "Godesberger SK"]
[WhiteElo "1989"]
[WhiteTeam "Potsdamer SV"]

1. d4 d5 2. e4 dxe4 3. Nc3 Nf6 4. f3 exf3 5. Nxf3 e6 6. Bc4 Be7 7. O-O c6 8. Ne5
O-O 9. Be3 Qe8 10. Qf3 Nbd7 11. Bd3 Nd5 12. Nxd5 exd5 13. Nxd7 Qxd7 14. Qh5 g6
15. Qe2 f5 16. Qd2 Bf6 17. c3 Bg7 18. b4 b6 19. a4 a6 20. c4 Kh8 21. c5 bxc5
22. bxc5 a5 23. Rab1 Ba6 24. Rb6 Bxd3 25. Qxd3 Rfe8 26. Rfb1 Qe6 27. Bf2 Bf6
28. Kf1 Qc8 29. Bg3 Qe6 30. Re1 Qd7 31. Reb1 Qe6 32. Re1 Qd7 33. Reb1  1/2-1/2

[Event "OSEM SH 2017"]
[Site "Büsum"]
[Date "2017.09.13"]
[Round "6.14"]
[White "Kliewe, Hans-Jürgen"]
[Black "Just, Fred"]
[Result "1/2-1/2"]
[BlackElo "2121"]
[BlackTeam "SV Werder Bremen"]
[WhiteElo "2037"]
[WhiteTeam "ASV Wismar"]

1. d4 Nf6 2. Nf3 g6 3. Bf4 Bg7 4. e3 c5 5. c3 b6 6. Nbd2 O-O 7. Be2 Bb7 8. O-O
Nc6 9. Rb1 Rc8 10. a3 d6 11. Bg3 Re8 12. Bh4 h6 13. h3 Qc7 14. Bxf6 exf6 15. d5
Ne5 16. c4 f5 17. Nxe5 Bxe5 18. Bd3 Qe7 19. Kh1 Rc7 20. f4 Bg7 21. e4 fxe4 22.
Bxe4 f5 23. Bd3 Bc8 24. Nf3 Qf6 25. b3 Rce7 26. Qd2 Qc3 27. Rfd1 Qxd2 28. Rxd2
Re3 29. Rbd1 Kf7 30. Kg1 Bd7 31. Kf2 R3e7 32. Re2 Bf6 33. Rde1 Bc3 34. Rxe7+
Rxe7 35. Rxe7+ Kxe7 36. g3 Bb2 37. a4 Bf6 38. h4 h5 39. Ke3 Kd8 40. Ng5 Be7 41.
Kd2 Kc7 42. Nh7 a6 43. Kc3 Be8 44. Bf1 Bf7 45. Ng5 Bg8 46. Kd3 Kd7 47. Bg2 Bf6
48. Ke2  1/2-1/2

[Event "OSEM SH 2017"]
[Site "Büsum"]
[Date "2017.09.13"]
[Round "6.15"]
[White "Meyer, Irmin, Dr."]
[Black "Zunker, Reinhard, Dr."]
[Result "1-0"]
[BlackElo "2103"]
[BlackTeam "SV Hofheim"]
[WhiteElo "2000"]
[WhiteTeam "SV Werder Bremen"]

1. e4 g6 2. d4 Bg7 3. Nc3 a6 4. Be3 d6 5. Qd2 b5 6. Be2 Bb7 7. f3 Nd7 8. Nh3 e6
9. O-O Ne7 10. Bh6 O-O 11. a3 Nc6 12. Bxg7 Kxg7 13. Rad1 Nb6 14. b3 d5 15. Nf2
Qe7 16. Ng4 f6 17. Qh6+ Kg8 18. e5 fxe5 19. dxe5 Nd7 20. f4 Rf5 21. Qh3 Kg7 22.
b4 Raf8 23. Ne3 R5f7 24. Bg4 Rxf4 25. Rxf4 Rxf4 26. Ncxd5 exd5 27. Nxd5 Qxe5
28. Nxf4 Nf8 29. Ne2 h5 30. Bf3 Qe3+ 31. Kf1 Qxa3 32. Qh4 Qxb4 33. Qxb4 Nxb4
34. Bxb7 Nxc2 35. Rc1 Ne3+ 36. Kf2 Nc4 37. Bxa6 c6 38. Nd4 Ne5 39. Ke2 Ng4 40.
h3 Nh6 41. Rxc6  1-0

[Event "OSEM SH 2017"]
[Site "Büsum"]
[Date "2017.09.13"]
[Round "6.16"]
[White "Schulz, Wolfgang"]
[Black "Rychlik, Kurt"]
[Result "1/2-1/2"]
[BlackElo "1988"]
[BlackTeam "SV Berenbostel"]
[WhiteElo "2101"]
[WhiteTeam "Hamburger SK"]

1. e4 g6 2. g3 Bg7 3. Bg2 d6 4. f4 e6 5. Nf3 c5 6. O-O Nc6 7. d3 Nge7 8. c3 b5
9. d4 cxd4 10. cxd4 Qb6 11. Be3 d5 12. e5 a5 13. Nc3 Ba6 14. Re1 O-O 15. Rc1
Rfc8 16. Qd2 Bf8 17. g4 a4 18. Bh3 Na5 19. f5 Nc4 20. Qf2 Nxe3 21. Qxe3 Rc7 22.
a3 Rac8 23. Na2 exf5 24. Rxc7 Rxc7 25. gxf5 Nxf5 26. Bxf5 gxf5 27. Kh1 Bh6 28.
Rg1+ Kh8 29. Ng5 Bc8 30. e6 Bxe6 31. Qg3 f4 32. Qxf4 Bg7 33. Qh4 Bf5 34. Re1
Qc6 35. Qf4 f6 36. Rc1 fxg5 37. Qxf5 Qd6 38. Rxc7 Qxc7 39. Qxd5 h6 40. Nc3 Qf4
41. Ne2 Qf1+ 42. Ng1 Qd3 43. Nf3 Qf1+ 44. Ng1 Qd3  1/2-1/2

[Event "OSEM SH 2017"]
[Site "Büsum"]
[Date "2017.09.13"]
[Round "6.17"]
[White "Jäke, Wilhelm"]
[Black "Biller, Helmut, Dr."]
[Result "1/2-1/2"]
[BlackElo "2084"]
[BlackTeam "SF Frankfurt"]
[WhiteElo "1983"]
[WhiteTeam "Kropper SC"]

1. c4 c5 2. Nc3 Nf6 3. g3 Nc6 4. Bg2 g6 5. d3 Bg7 6. e4 d6 7. Nge2 O-O 8. O-O
Ne8 9. Rb1 Nc7 10. a3 a5 11. b3 Ne6 12. Bb2 Ncd4 13. Nxd4 Nxd4  1/2-1/2

[Event "OSEM SH 2017"]
[Site "Büsum"]
[Date "2017.09.13"]
[Round "6.18"]
[White "Urbanek, Paul-Gerhard"]
[Black "Mertens, Klaus"]
[Result "1-0"]
[BlackElo "2084"]
[BlackTeam "FC Bierstadt"]
[WhiteElo "1927"]
[WhiteTeam "SF Buxtehude"]

1. e4 d5 2. exd5 Qxd5 3. d4 Nf6 4. Nf3 g6 5. Be2 Bg7 6. O-O O-O 7. c4 Qd8 8. Nc3
c6 9. Bf4 a5 10. h3 Na6 11. Qd2 Bf5 12. Rad1 Nc7 13. Bh6 a4 14. Bxg7 Kxg7 15.
Rfe1 Qd6 16. Ne5 h6 17. Qe3 a3 18. b3 Rad8 19. Bf3 Rb8 20. c5 Qd8 21. Nc4 Ra8
22. g4 Be6 23. Nb6 Ra7 24. Bg2 Nfd5 25. Ncxd5 Bxd5 26. Nxd5 Nxd5 27. Bxd5 cxd5
28. Qc3 Qd7 29. Re5 Ra6 30. Rde1 Rf6 31. Qe3 e6 32. f4 Rh8 33. Kg2 Qd8 34. Rf1
Qa5 35. Rf3 b6 36. cxb6 Qxb6 37. f5 Rc8 38. Rf2 Qb4 39. fxe6 Rc3 40. Rxf6 Rxe3
41. Rxf7+ Kg8 42. Rxe3 Qd2+ 43. Kf3 Qd1+ 44. Kf2 Qd2+ 45. Re2 Qxd4+ 46. Kg2 Qd3
47. Rff2  1-0

[Event "OSEM SH 2017"]
[Site "Büsum"]
[Date "2017.09.13"]
[Round "6.19"]
[White "Kracht, Helmut"]
[Black "Lomer, Edmund"]
[Result "1/2-1/2"]
[BlackElo "2065"]
[BlackTeam "Eckernförder SC"]
[WhiteElo "1979"]
[WhiteTeam "SK Kaltenkirchen"]

1. e4 d5 2. exd5 Qxd5 3. Nc3 Qa5 4. g3 c6 5. Bg2 Nf6 6. Nge2 Bf5 7. b4 Qc7 8. b5
e6 9. d3 Bb4 10. O-O O-O 11. Rb1 Bxc3 12. Nxc3 Nd5 13. bxc6 bxc6 14. Nxd5 cxd5
15. c4  1/2-1/2

[Event "OSEM SH 2017"]
[Site "Büsum"]
[Date "2017.09.13"]
[Round "6.20"]
[White "Rüberg, Jobst"]
[Black "Engbrecht, Helmut"]
[Result "0-1"]
[BlackElo "1981"]
[BlackTeam "SV Schorndorf"]
[WhiteElo "2130"]
[WhiteTeam "SV Ahlen"]

1. e4 e5 2. Nf3 Nc6 3. Bc4 Nf6 4. d3 Be7 5. O-O d6 6. h3 O-O 7. Re1 Na5 8. Bb3
c6 9. c3 Nxb3 10. Qxb3 Qb6 11. Qc2 h6 12. Nbd2 Be6 13. Nf1 Nh5 14. d4 Qc7 15.
Ng3 Nxg3 16. fxg3 g5 17. g4 f6 18. Be3 Kg7 19. Qe2 b5 20. Nd2 a5 21. b3 a4 22.
c4 exd4 23. Bxd4 c5 24. Bf2 b4 25. Nf1 Bf5 26. Ne3 Be6 27. Bg3 Rf7 28. Rad1 Bf8
29. Rd2 axb3 30. axb3 Ra3 31. Qd3 Rd7 32. h4 Qa7 33. Nc2 Ra2 34. Ne3 Rxd2 35.
Qxd2 Qa3 36. Rb1 Kf7 37. h5 Ra7 38. Qd3 Qa2 39. Kh2 Ke8 40. Rf1 Be7 41. Bxd6
Rd7 42. e5 Qb2 43. Nf5 Qxe5+ 44. Bxe5 Rxd3 45. Bg3 Bxf5 46. Rxf5 Rxb3 47. Bf2
Rc3 48. Bxc5 Rxc4 49. Bxe7 Kxe7 50. Kg3 b3 51. Rb5 Rc3+ 52. Kh2 Kd6 53. Kg1 Kc6
54. Rb8 Kc5 55. Kf1 Kd4 56. Ke1 Ke3 57. Kd1 Kf2 58. Rb6 Kxg2 59. Kd2 Rf3 60.
Rb8 Kg3 61. Rh8 Kxg4 62. Rxh6 f5 63. Rh8 Rh3 64. h6 f4 65. h7 b2 66. Kc2 Rh2+
67. Kb1 f3 68. Rb8 Rxh7 69. Rxb2  0-1

[Event "OSEM SH 2017"]
[Site "Büsum"]
[Date "2017.09.13"]
[Round "6.21"]
[White "Wittkugel, Friedhelm"]
[Black "Andersen, Knut"]
[Result "0-1"]
[BlackElo "2108"]
[BlackTeam "SF Buer"]
[WhiteElo "1941"]
[WhiteTeam "SV Kamen"]

1. d4 c5 2. e3 Nf6 3. c4 e6 4. a3 cxd4 5. exd4 b6 6. Nf3 Bb7 7. Nc3 d5 8. cxd5
Nxd5 9. Bb5+ Bc6 10. Qa4 Qd7 11. Ne5 Nxc3 12. Bxc6 Nxa4 13. Bxd7+ Nxd7  0-1

[Event "OSEM SH 2017"]
[Site "Büsum"]
[Date "2017.09.13"]
[Round "6.22"]
[White "Falk, Thomas"]
[Black "Ehlert, Horst"]
[Result "1/2-1/2"]
[BlackElo "1965"]
[BlackTeam "SV Laatzen"]
[WhiteElo "2107"]
[WhiteTeam "SV Oberursel"]

1. Nf3 c5 2. c4 e6 3. g3 b6 4. Bg2 Bb7 5. O-O Nf6 6. Nc3 Be7 7. b3 O-O 8. Bb2 d6
9. d4 Nbd7 10. Qd3 a6 11. Rfd1 Qc7 12. Rac1 Rfd8  1/2-1/2

[Event "OSEM SH 2017"]
[Site "Büsum"]
[Date "2017.09.13"]
[Round "6.23"]
[White "Bieberle, Gerhart"]
[Black "Gehrmann, Rudolf-Rainer"]
[Result "0-1"]
[BlackElo "2096"]
[BlackTeam "SV Eutin"]
[WhiteElo "1927"]
[WhiteTeam "PTSVAachen"]

1. d4 Nf6 2. c4 g6 3. Nc3 Bg7 4. e4 d6 5. Bd3 O-O 6. Nge2 Nbd7 7. O-O e5 8. d5
Nc5 9. Bc2 a5 10. h3 Ne8 11. Ng3 Qh4 12. Nce2 f5 13. exf5 gxf5 14. f4 e4 15.
Rb1 Bd7 16. Be3 Na6 17. a3 b5 18. b3 Rf6 19. Bf2 Rg6 20. Nxf5 Qf6 21. Nxg7 Bxh3
22. Bxe4 Bxg2 23. Bxg6 Qxg6 24. Ng3 Bxf1 25. Kxf1 Nxg7 26. cxb5 Nc5 27. Rc1 Rf8
28. Rc4 Nd3 29. Qd2 Nxf2 30. Kxf2 h5 31. Rxc7 h4 32. Ne2 h3 33. Ng3 Nh5 34.
Nxh5 Qg2+ 35. Ke3 Re8+ 36. Kd3 Qf3+ 37. Kc2 Re2 38. Nf6+ Kf8 39. b6 Rxd2+ 40.
Kxd2 Qxb3 41. b7 h2 42. Rc8+ Kf7 43. b8=Q Qxb8 44. Rxb8 h1=Q 45. Ne8 Qxd5+ 46.
Ke3 Qc5+ 47. Ke4 Qxa3 48. Kd5 Qc5+ 49. Ke4 Qc6+ 50. Kd4 Qxe8 51. Rxe8 Kxe8 52.
Kc4 Ke7 53. Kb5 Kf6 54. Kxa5 Kf5 55. Kb4 Kxf4 56. Kc4 Ke4 57. Kc3 d5 58. Kd2
Kd4 59. Kc2 Ke3 60. Kd1 Kd3 61. Kc1 Ke2  0-1

[Event "OSEM SH 2017"]
[Site "Büsum"]
[Date "2017.09.13"]
[Round "6.24"]
[White "Neumann, Joachim"]
[Black "Piastowski, Kurt"]
[Result "1/2-1/2"]
[BlackElo "1940"]
[BlackTeam "Brühler SK"]
[WhiteElo "2093"]
[WhiteTeam "SC Agon Neumünster"]

1. c4 c5 2. g3 Nf6 3. Bg2 Nc6 4. Nc3 g6 5. Nf3 Bg7 6. d4 cxd4 7. Nxd4 O-O 8. O-O
Qb6 9. Nb3 d6 10. Be3 Qd8 11. h3 Be6 12. Nd5 Re8 13. Nd4 Nxd4 14. Bxd4 Nxd5 15.
cxd5 Bxd4 16. dxe6 Qb6 17. exf7+ Kxf7 18. Bxb7 Rab8 19. Bd5+ e6 20. Bb3 Bxb2
21. Rb1 Qd4 22. Qc2 Ba3 23. Rbd1 Qe5 24. Rd3 Bc5 25. Kg2 Ke7 26. Rf3 Rf8 27.
Rd1 Rxf3 28. exf3 Rb4 29. Rd2 Qf5 30. Qc3 Qf6 31. Qd3 Rd4 32. Qe2  1/2-1/2

[Event "OSEM SH 2017"]
[Site "Büsum"]
[Date "2017.09.13"]
[Round "6.25"]
[White "Schirmer, Werner"]
[Black "Achenbach, Manfred"]
[Result "0-1"]
[BlackElo "2083"]
[BlackTeam "SC Mülheim"]
[WhiteElo "1931"]
[WhiteTeam "Hamburger SK"]

1. e4 c5 2. Nf3 d6 3. d4 cxd4 4. Nxd4 a6 5. Be2 e5 6. Nb3 Nf6 7. Nc3 Be7 8. O-O
O-O 9. Be3 b5 10. a4 Bb7 11. axb5 axb5 12. Rxa8 Bxa8 13. Bxb5 Nxe4 14. Nd5 Nc5
15. Nxc5 dxc5 16. c4 Nc6 17. Re1 Bd6 18. Qh5 Nd4 19. Bxd4 cxd4 20. Ra1 Bxd5 21.
cxd5 g6 22. Qe2 Qc7 23. h3 Rb8 24. Bc6 Qb6 25. Rb1 Qb3 26. Qa6 Qc2 27. Qa2 d3
28. Ba4 Qd2 29. Rd1 Qe2 30. Rb1 Bc5  0-1

[Event "OSEM SH 2017"]
[Site "Büsum"]
[Date "2017.09.13"]
[Round "6.26"]
[White "Hanisch, Friedrich"]
[Black "Schwertel, Johann"]
[Result "1-0"]
[BlackElo "1930"]
[BlackTeam "SV Koblenz"]
[WhiteElo "2081"]
[WhiteTeam "SV Lauf"]

1. d4 d5 2. c4 c6 3. cxd5 cxd5 4. Nc3 Nc6 5. Bf4 e6 6. e3 Bd6 7. Bxd6 Qxd6 8. f4
Nf6 9. Bd3 O-O 10. Nf3 Qb4 11. Qd2 Qe7 12. Rc1 Bd7 13. O-O Rfc8 14. Ne5 Be8 15.
Qe2 Nd7 16. a3 f5 17. b4 Nf6 18. Rc2 Nxe5 19. dxe5 Ne4 20. Bxe4 dxe4 21. Rfc1
Rc6 22. b5 Rc5 23. a4 Rac8 24. Nd1 b6 25. Nb2 Rxc2 26. Rxc2 Rxc2 27. Qxc2 Qb4
28. Kf2 h6 29. Nc4 Qc5 30. Qb3 g5 31. Nd6 Bf7 32. Qc4 gxf4 33. Qxc5 bxc5 34. a5
Kf8 35. b6 axb6  1-0

[Event "OSEM SH 2017"]
[Site "Büsum"]
[Date "2017.09.13"]
[Round "6.27"]
[White "Bohnstorff, Michael"]
[Black "Fleischer, Matthias"]
[Result "1-0"]
[BlackElo "1926"]
[BlackTeam "SV Einheit Schwerin"]
[WhiteElo "2065"]
[WhiteTeam "SC Lüneburg"]

1. d4 Nf6 2. c3 d5 3. Bf4 e6 4. Nf3 Bd6 5. Bg3 Qe7 6. Nbd2 Nbd7 7. e3 O-O 8. Be2
e5 9. dxe5 Nxe5 10. Qc2 Nxf3+ 11. gxf3 Bh3 12. O-O-O c6 13. Rdg1 Kh8 14. Bd3 g6
15. Bh4 Qe6 16. Bxf6+ Qxf6 17. f4 Rae8 18. Rg3 Bc8 19. h4 Bf5 20. h5 Be4 21.
Bxe4 dxe4 22. Nxe4 Qe7 23. Nxd6 Qxd6 24. hxg6 fxg6 25. Rxg6 Qe7 26. c4 Rf7 27.
Qc3+ Rg7 28. Rg5 Rf8 29. Rhg1 Rf7 30. Kd1 h6 31. Rxg7 Rxg7 32. Rxg7 Qxg7 33.
Qxg7+ Kxg7 34. Ke2 Kf6 35. Kf3  1-0

[Event "OSEM SH 2017"]
[Site "Büsum"]
[Date "2017.09.13"]
[Round "6.28"]
[White "Plewka, Manfred"]
[Black "Niebling, Ferdinand"]
[Result "1/2-1/2"]
[BlackElo "2059"]
[BlackTeam "SC Frankfurt-West"]
[WhiteElo "1925"]
[WhiteTeam "SV Rendsburg"]

1. e4 e6 2. d4 d5 3. e5 c5 4. c3 Na6 5. Nf3 Bd7 6. Bd3 cxd4 7. cxd4 Qb6 8. Bc2
Nb4 9. O-O Nxc2 10. Qxc2 Ne7 11. b3 Nf5 12. Bb2 Rc8 13. Qd1 Bb5 14. Re1 Bb4 15.
Nbd2 O-O 16. g4 Ne7 17. a3 Bc3 18. Bxc3 Rxc3 19. Re3 Rc7 20. Rc1 Rfc8 21. Rxc7
Rxc7 22. Kg2 Ng6 23. Kg3 f6 24. h4 fxe5 25. Nxe5 { Remis nach weiteren Zuegen 
(  nicht rekonstruierbar  )}   1/2-1/2

[Event "OSEM SH 2017"]
[Site "Büsum"]
[Date "2017.09.13"]
[Round "6.29"]
[White "Walther, Reinhard"]
[Black "Schumacher, Helmut"]
[Result "1-0"]
[BlackElo "1890"]
[BlackTeam "DJK Aufwärts Aachen"]
[WhiteElo "2051"]
[WhiteTeam "SK Herzogenaurach"]

1. d4 d5 2. Bf4 Bf5 3. e3 e6 4. Nf3 Bd6 5. Bg3 Bxg3 6. hxg3 Nf6 7. Nh4 Qe7 8.
Nd2 Nbd7 9. Nxf5 exf5 10. Bd3 g6 11. c3 Ne4 12. Nf1 Qd6 13. Rh3 O-O-O 14. Qc2
Kb8 15. O-O-O h5 16. c4 c6 17. c5 Qc7 18. f3 Ng5 19. Rh1 Rhe8 20. Be2 Re7 21.
Rd3 Rde8 22. Qa4 Ka8 23. b4 b5 24. Qb3 Qb7 25. Kd2 Rb8 26. Ke1 Qa6 27. Kf2 Qa4
28. Qb2 Qa6 29. Nd2 Ne6 30. Ra1 Qb7 31. Nb3 Rbe8 32. a4 h4 33. axb5 hxg3+ 34.
Kxg3 f4+ 35. Kf2 Nb8 36. b6 fxe3+ 37. Rxe3 a6 38. Bxa6 Nxa6 39. Qe2 Nxd4 40.
Rxe7 Rxe7 41. Qxa6+ Qxa6 42. Rxa6+  1-0